[Event "Mumbai Wealth op 3rd"]
[Site "Mumbai"]
[Date "2017.12.30"]
[Round "1"]
[White "Om, Kharola"]
[Black "Dishan, Barua"]
[Result "1-0"]
[WhiteElo "1884"]
[BlackElo "1618"]
[PlyCount "57"]
[EventDate "2017.12.30"]
[EventType "swiss"]
[EventRounds "9"]
[EventCountry "IND"]
[SourceTitle "CBM 182 Extra"]
[Source "ChessBase"]
[SourceDate "2018.02.23"]
[SourceVersion "1"]
[SourceVersionDate "2018.02.23"]
[SourceQuality "1"]

1. e4 d5 2. exd5 Qxd5 3. Nc3 Qd6 4. Nf3 Nf6 5. d4 g6 6. Bc4 Bg7 7. 0-0 a6 8. Ne5 0-0 9. Bf4 Nh5 10. Nxf7 Qxf4 11. Nd5 Qxf7 12. Nxe7+ Kh8 13. Bxf7 Rxf7 14. Nxc8 Nd7 15. c3 Rxc8 16. Qb3 Rcf8 17. Qxb7 Nb8 18. Qb3 c6 19. Rae1 Nf6 20. Re2 Nd5 21. Rfe1 Nd7 22. Re8 Rxf2 23. Qb7 R2f7 24. Qxc6 N7f6 25. Rxf8+ Rxf8 26. Qxa6 Bh6 27. Qd6 Ng4 28. h3 Be3+ 29. Rxe3 1-0

[Event "Commonwealth-ch"]
[Site "Glasgow"]
[Date "2014.07.05"]
[Round "6"]
[White "Dishan, Barua"]
[Black "Kleboe, James PR"]
[Result "1/2-1/2"]
[WhiteElo "1606"]
[BlackElo "1810"]
[PlyCount "112"]
[EventDate "2014.06.30"]
[EventType "swiss"]
[EventRounds "9"]
[EventCountry "SCO"]
[SourceTitle "CBM 161 Extra"]
[Source "ChessBase"]
[SourceDate "2014.08.29"]
[SourceVersion "1"]
[SourceVersionDate "2014.08.29"]
[SourceQuality "1"]

1. e4 d6 2. d4 Nf6 3. Nc3 g6 4. h3 Bg7 5. Nf3 a6 6. Be3 0-0 7. Be2 b5 8. a3 Bb7 9. Bd3 Nfd7 10. 0-0 c5 11. Be2 Nc6 12. Qd2 cxd4 13. Nxd4 Nce5 14. Bh6 Nc5 15. Bxg7 Kxg7 16. f4 Ned7 17. Bf3 Qb6 18. Kh1 e6 19. b4 Na4 20. Nxa4 bxa4 21. c4 Rac8 22. Rac1 e5 23. Ne2 Nf6 24. Qd3 Rfd8 25. Nc3 Bc6 26. fxe5 dxe5 27. Nd5 Qb8 28. Qe3 Nxd5 29. exd5 Be8 30. c5 Bb5 31. Rfd1 f6 32. d6 h5 33. Qd2 Bc6 34. Bxc6 Rxc6 35. Qd5 Qc8 36. Rd2 Qd7 37. Qe4 Re8 38. Qc4 Rec8 39. Qc2 Re8 40. Qxa4 e4 41. Qb3 f5 42. Qc4 g5 43. Re2 g4 44. Rc3 Re6 45. a4 Rexd6 46. b5 axb5 47. axb5 Rd1+ 48. Kh2 Qc7+ 49. g3 Rh6 50. h4 Rh8 51. Qa4 Rhd8 52. b6 Qe5 53. Rce3 Ra1 54. Qc6 Rdd1 55. b7 Rh1+ 56. Kg2 Rag1+ 1/2-1/2